<?xml version="1.0" encoding="UTF-8"?>
<collection xmlns="http://www.loc.gov/MARC21/slim">
<record>
  <controlfield tag="001">144914</controlfield>
  <controlfield tag="005">20240920115623.0</controlfield>
  <datafield tag="037" ind1=" " ind2=" ">
    <subfield code="a">TESIS-2024-386</subfield>
  </datafield>
  <datafield tag="041" ind1=" " ind2=" ">
    <subfield code="a">spa</subfield>
  </datafield>
  <datafield tag="100" ind1="1" ind2=" ">
    <subfield code="a">Álvarez Manuel, Laura</subfield>
  </datafield>
  <datafield tag="245" ind1="0" ind2="0">
    <subfield code="a">Catalizadores basados en materiales no críticos para pilas de combustible </subfield>
  </datafield>
  <datafield tag="260" ind1=" " ind2=" ">
    <subfield code="a">Zaragoza</subfield>
    <subfield code="b">Universidad de Zaragoza, Prensas de la Universidad</subfield>
    <subfield code="c">2024</subfield>
  </datafield>
  <datafield tag="300" ind1=" " ind2=" ">
    <subfield code="a">395</subfield>
  </datafield>
  <datafield tag="490" ind1="0" ind2=" ">
    <subfield code="a">Tesis de la Universidad de Zaragoza</subfield>
    <subfield code="x">2254-7606</subfield>
    <subfield code="v">2024-377</subfield>
  </datafield>
  <datafield tag="500" ind1=" " ind2=" ">
    <subfield code="a">Presentado:  12 07 2024</subfield>
  </datafield>
  <datafield tag="502" ind1=" " ind2=" ">
    <subfield code="a">Tesis-Univ. Zaragoza,  , 2024</subfield>
    <subfield code="b">Zaragoza, Universidad de Zaragoza</subfield>
    <subfield code="c">2024</subfield>
  </datafield>
  <datafield tag="520" ind1=" " ind2=" ">
    <subfield code="a">Durante esta tesis doctoral, se ha investigado la actividad y la durabilidad de catalizadores basados en materiales no críticos, para la reacción de reducción de oxígeno (ORR) de pilas de combustible. Con el objetivo de eliminar los metales del grupo del Pt de su formulación se han investigado numerosos materiales, siendo los catalizadores basados en hierro atómicamente disperso coordinado con nitrógeno y carbono (Fe-N-C), los más activos para la reacción de reducción de oxígeno (ORR), la reacción limitante en las PEMFCs. Sin embargo, la estabilidad y durabilidad a largo plazo de los catalizadores de Fe-N-C en PEMFC siguen siendo un verdadero desafío.&lt;br />El método más empleado en la síntesis de catalizadores Fe-N-C se basa en utilizar plantillas de sacrificio, sin embargo, su escalado conlleva riesgos ambientales de alto coste. En este trabajo se han utilizado como matrices de carbono xerogeles de carbono (CXG) que han sido dopados con nitrógeno y hierro mediante diferentes métodos. Las matrices carbonosas deben tener tanto microporos (para alojar los sitios activos Fe-N) como meso y macroporos (para facilitar el transporte de masa). En esta tesis doctoral, hemos modificado la estructura porosa de los CXG mediante modificaciones en la síntesis y mediante metodos de activación para estudiar como afecta a la actividad de los catalizadores Fe-N-C frente a la ORR, obteniendose materiales de carbono con una elevada área superficial. Además de las características de la matriz carbonosa, el trabajo desarrollado se centra en el estudio del sitio activo responsable de catalizar la ORR. Para ello se han usado números métodos de dopado utilizando siempre urea y acetado de hierro como precursores de nitrógeno y de hierro, respectivamente. &lt;br />La actividad y la durabilidad de estos catalizadores se ha medido tanto en una celda de tres electrodos mediante un electrodo de disco rotatorio (RDE), como en una pila de combustible de una sola celda. Tanto los materiales de carbono como los catalizadores Fe-N-C se han caracterizado fisicoquímicamente por diversas técnicas: Fisisorción de N2 y de CO2, Porosimetria de Hg, Picnometría de He, Espectroscopia Fotoelectrónica de Rayos X (XRD), Espectroscopía de Emisión Óptica con Acoplamiento de Plasma Inductivo (ICP-OES), Análisis Elemental, Difracción de Rayos X (XPS), Microscopía Electrónica de Barrido (SEM) y Microscopía Electrónica de Transmisión (TEM) y termogravimetría.&lt;br /></subfield>
  </datafield>
  <datafield tag="506" ind1=" " ind2=" ">
    <subfield code="a">by-nc</subfield>
    <subfield code="b">Creative Commons</subfield>
    <subfield code="c">3.0</subfield>
    <subfield code="u">http://creativecommons.org/licenses/by-nc/3.0/es</subfield>
  </datafield>
  <datafield tag="520" ind1=" " ind2=" ">
    <subfield code="a">&lt;br /></subfield>
  </datafield>
  <datafield tag="521" ind1=" " ind2=" ">
    <subfield code="9">7103</subfield>
    <subfield code="a">Programa de Doctorado en Ingeniería Química y del Medio Ambiente</subfield>
  </datafield>
  <datafield tag="653" ind1="1" ind2=" ">
    <subfield code="a">estructura y reactividad de catalizadores sólidos</subfield>
  </datafield>
  <datafield tag="653" ind1="1" ind2=" ">
    <subfield code="a">hidrógeno</subfield>
  </datafield>
  <datafield tag="653" ind1="1" ind2=" ">
    <subfield code="a">electroquímica</subfield>
  </datafield>
  <datafield tag="700" ind1=" " ind2=" ">
    <subfield code="a">Alegre Gresa, Cintia </subfield>
    <subfield code="e">dir.</subfield>
  </datafield>
  <datafield tag="700" ind1=" " ind2=" ">
    <subfield code="a">Lázaro Elorri, María Jesús </subfield>
    <subfield code="e">dir.</subfield>
  </datafield>
  <datafield tag="710" ind1="2" ind2=" ">
    <subfield code="a">Universidad de Zaragoza</subfield>
    <subfield code="b"> </subfield>
  </datafield>
  <datafield tag="830" ind1=" " ind2=" ">
    <subfield code="9">515</subfield>
  </datafield>
  <datafield tag="856" ind1="0" ind2=" ">
    <subfield code="f">cdeurop@unizar.es</subfield>
  </datafield>
  <datafield tag="856" ind1="4" ind2=" ">
    <subfield code="u">http://zaguan.unizar.es/record/144914/files/TESIS-2024-386.pdf</subfield>
    <subfield code="z">info:eu-repo/date/embargoEnd/2026-06-12</subfield>
    <subfield code="s">23696041</subfield>
  </datafield>
  <datafield tag="909" ind1="C" ind2="O">
    <subfield code="o">oai:zaguan.unizar.es:144914</subfield>
    <subfield code="p">driver</subfield>
    <subfield code="p">tesis</subfield>
  </datafield>
  <datafield tag="910" ind1="2" ind2=" ">
    <subfield code="a">Ingeniería y Arquitectura</subfield>
    <subfield code="b"> </subfield>
  </datafield>
  <datafield tag="691" ind1=" " ind2=" ">
    <subfield code="a">3 9</subfield>
  </datafield>
  <datafield tag="692" ind1=" " ind2=" ">
    <subfield code="a">Garantizar una vida saludable y promover el bienestar para todos y todas en todas las edades.	 Desarrollar infraestructuras resilientes, promover la industrialización inclusiva y sostenible, y fomentar la innovación.</subfield>
  </datafield>
  <datafield tag="540" ind1=" " ind2=" ">
    <subfield code="9">info:eu-repo/semantics/embargoedAccess</subfield>
  </datafield>
  <datafield tag="980" ind1=" " ind2=" ">
    <subfield code="a">TESIS</subfield>
  </datafield>
</record>
</collection>